| 000 | 00662nam a2200253Ia 4500 | ||
|---|---|---|---|
| 008 | 171120s9999 xx 000 0 und d | ||
| 020 | _a886879299 | ||
| 050 | _a31.02 | ||
| 050 | _bW927 2004 | ||
| 100 | _aWorld Almanac Books. | ||
| 245 | 4 | _aThe world almanac for kids 2005/ | |
| 245 | _cby World Almanac Books. | ||
| 260 | _aUSA : | ||
| 260 | _bWorld almanac Education Group, Inc., | ||
| 260 | _c2004 | ||
| 300 | _a335 pages : | ||
| 300 | _bcolor illustrations ; | ||
| 300 | _c22cm. | ||
| 500 | _aIncludes index. | ||
| 650 | _aAlmanacs, Children's. | ||
| 650 | _aAlmanacs, Children's. | ||
| 650 | _xJuvenile literature. | ||
| 700 | _aTitle. | ||
| 999 |
_c345017 _d345017 |
||